[Event "Madrid-ch 2018-2019 - Semifinal"]
[Site "Madrid ESP"]
[Date "2019.05.07"]
[Round "2.18"]
[White "Bello Burguet, Glenier Lazaro"]
[Black "Garcia Galeote, Lorenzo"]
[Result "1/2-1/2"]
[WhiteElo "1961"]
[BlackElo "1873"]
[PlyCount "135"]
[EventDate "2019.05.06"]
[EventType "swiss"]
[EventRounds "9"]
[EventCountry "ESP"]
[SourceTitle "Ajedrez en Madrid"]
[Source "lmi"]
[SourceDate "2019.05.06"]
[SourceVersion "1"]
[SourceVersionDate "2019.05.20"]
[SourceQuality "2"]

1. c4 g6 2. Nc3 Bg7 3. g3 e5 4. Bg2 Ne7 5. d3 O-O 6. Rb1 Nbc6 7. b4 a6 8. e3 d6
9. Nge2 Bd7 10. O-O Qc8 11. Re1 Bh3 12. Bh1 Rb8 13. a4 Nd8 14. b5 axb5 15. axb5
c6 16. Ba3 c5 17. Ne4 h6 18. Nxd6 Qc7 19. Ne4 b6 20. N4c3 Be6 21. Nd5 Nxd5 22.
cxd5 Bd7 23. d4 Nb7 24. dxc5 Nxc5 25. Nc3 Rfc8 26. Bb4 Bf8 27. Qe2 Nb7 28. Bxf8
Kxf8 29. Ne4 Qc4 30. Qxc4 Rxc4 31. Nf6 Ke7 32. Nxd7 Kxd7 33. Bg2 e4 34. f3 f5
35. fxe4 fxe4 36. Rec1 Rxc1+ 37. Rxc1 Nc5 38. Rc4 Re8 39. Rd4 Kd6 40. Bf1 Rf8
41. Be2 Rf5 42. Rd1 Rxd5 43. Rf1 Rf5 44. Rxf5 gxf5 45. Bh5 Ne6 46. Be8 Nc7 47.
Bc6 Kc5 48. Bd7 Nxb5 49. Bxf5 Nd6 50. Be6 Nc4 51. Kf2 b5 52. Bd7 b4 53. Ba4 Ne5
54. h3 Kc4 55. g4 b3 56. Kg3 Nd3 57. Bxb3+ Kxb3 58. h4 Kc3 59. g5 hxg5 60. hxg5
Nc5 61. Kf4 Kd3 62. Ke5 Kxe3 63. g6 Nd7+ 64. Kf5 Kf2 65. Kxe4 Nf6+ 66. Kf5 Nh5
67. Kg5 Ng7 68. Kf6 1/2-1/2

[Event "Madrid-ch 2018-2019 - Semifinal"]
[Site "Madrid ESP"]
[Date "2019.05.07"]
[Round "2.19"]
[White "Rueda Maria, Ramiro"]
[Black "Gueler Berdasco, Martin"]
[Result "1/2-1/2"]
[WhiteElo "1843"]
[BlackElo "1917"]
[PlyCount "53"]
[EventDate "2019.05.06"]
[EventType "swiss"]
[EventRounds "9"]
[EventCountry "ESP"]
[SourceTitle "Ajedrez en Madrid"]
[Source "lmi"]
[SourceDate "2019.05.06"]
[SourceVersion "1"]
[SourceVersionDate "2019.05.20"]
[SourceQuality "2"]

1. e4 c5 2. Nf3 d6 3. d4 cxd4 4. Nxd4 Nf6 5. Nc3 a6 6. Be2 e5 7. Nb3 Be6 8. Bg5
Nbd7 9. O-O Be7 10. f3 b5 11. a3 O-O 12. Qd2 Nb6 13. Bxf6 Bxf6 14. Na5 Bg5 15.
Qe1 h5 16. Rd1 h4 17. Nb7 Be3+ 18. Kh1 Qg5 19. Nxd6 g6 20. Nd5 Bxd5 21. exd5 f5
22. c4 Qe7 23. Qb4 a5 24. Qb3 Qxd6 25. Qxe3 Nxc4 26. Bxc4 bxc4 27. Rfe1 1/2-1/2

[Event "Madrid-ch 2018-2019 - Semifinal"]
[Site "Madrid ESP"]
[Date "2019.05.07"]
[Round "2.20"]
[White "Jimenez Gonzalez, Marcos"]
[Black "Marin Aso, Jose Luis"]
[Result "1/2-1/2"]
[WhiteElo "1740"]
[BlackElo "1912"]
[PlyCount "94"]
[EventDate "2019.05.06"]
[EventType "swiss"]
[EventRounds "9"]
[EventCountry "ESP"]
[SourceTitle "Ajedrez en Madrid"]
[Source "lmi"]
[SourceDate "2019.05.06"]
[SourceVersion "1"]
[SourceVersionDate "2019.05.20"]
[SourceQuality "2"]

1. c4 Nf6 2. g3 g6 3. Bg2 Bg7 4. Nc3 O-O 5. e4 d6 6. d3 e5 7. Nge2 Nc6 8. O-O
Be6 9. Bg5 h6 10. Bxf6 Bxf6 11. Nd5 Bg7 12. Rc1 Qd7 13. Qd2 Rae8 14. b4 f5 15.
b5 Nd8 16. f4 c6 17. bxc6 bxc6 18. Ne3 c5 19. Nd5 Nc6 20. Rb1 Rb8 21. Rfc1 Kh7
22. Qd1 Nd4 23. Nxd4 exd4 24. Rxb8 Rxb8 25. Rb1 Rxb1 26. Qxb1 Bxd5 27. cxd5 Qa4
28. Qb3 Qa5 29. Qd1 Qxa2 30. exf5 gxf5 31. Bh3 Qxd5 32. Qh5 Qa2 33. Bxf5+ Kh8
34. Qg6 Qg8 35. Qxd6 Bf8 36. Qa6 Qg7 37. Be4 Qe7 38. Kg2 Qc7 39. Qf6+ Bg7 40.
Qg6 Bf8 41. f5 Qg7 42. Qa6 Qg4 43. Qf6+ Qg7 44. Qa6 Qg4 45. Qa2 Qg7 46. h3 Bd6
47. Qf2 Qe5 1/2-1/2

[Event "Madrid-ch 2018-2019 - Semifinal"]
[Site "Madrid ESP"]
[Date "2019.05.07"]
[Round "2.21"]
[White "Vazquez Gonzalez, Jesus"]
[Black "Fernandez Garcia, Ignacio"]
[Result "1-0"]
[WhiteElo "1901"]
[BlackElo "1755"]
[PlyCount "95"]
[EventDate "2019.05.06"]
[EventType "swiss"]
[EventRounds "9"]
[EventCountry "ESP"]
[SourceTitle "Ajedrez en Madrid"]
[Source "lmi"]
[SourceDate "2019.05.06"]
[SourceVersion "1"]
[SourceVersionDate "2019.05.20"]
[SourceQuality "2"]

1. e4 e6 2. Bd3 g6 3. c3 b6 4. Bc2 Bb7 5. Nf3 Bg7 6. O-O d6 7. d4 Nd7 8. Re1 e5
9. d5 h6 10. Nbd2 Ne7 11. Nf1 f5 12. exf5 Nxf5 13. g4 Nh4 14. Nxh4 Qxh4 15.
Bxg6+ Ke7 16. Ng3 Raf8 17. Nf5+ Rxf5 18. Bxf5 Nf6 19. c4 h5 20. g5 Ng4 21. Bxg4
hxg4 22. Bf4 Kd8 23. Bg3 Qxg5 24. Qa4 a5 25. Rad1 Bc8 26. c5 bxc5 27. Qxa5 Bf5
28. b4 cxb4 29. Rc1 Qe7 30. Qa8+ Bc8 31. Rc4 Bh6 32. Rxg4 Bg5 33. Rxb4 Qd7 34.
Rb3 Bf4 35. Qa3 Qg4 36. Qb2 Rh7 37. Qe2 Qg8 38. Qe4 Rh5 39. Kh1 Qf7 40. Bxf4
exf4 41. Rd1 Re5 42. Qf3 Bf5 43. Rb4 Qg6 44. Qxf4 Re4 45. Rxe4 Bxe4+ 46. f3 Bf5
47. Rg1 Qf6 48. Qg5 1-0

[Event "Madrid-ch 2018-2019 - Semifinal"]
[Site "Madrid ESP"]
[Date "2019.05.08"]
[Round "3.1"]
[White "Nieto De La Cruz, Julio"]
[Black "Nuñez Reiz, Antonio"]
[Result "0-1"]
[WhiteElo "2168"]
[BlackElo "2083"]
[PlyCount "112"]
[EventDate "2019.05.06"]
[EventType "swiss"]
[EventRounds "9"]
[EventCountry "ESP"]
[SourceTitle "Ajedrez en Madrid"]
[Source "lmi"]
[SourceDate "2019.05.06"]
[SourceVersion "1"]
[SourceVersionDate "2019.05.20"]
[SourceQuality "2"]

1. c4 f5 2. Nc3 Nf6 3. g3 g6 4. Bg2 Bg7 5. d4 d6 6. Nh3 O-O 7. d5 Nbd7 8. Nf4
Nc5 9. Be3 b6 10. Rc1 g5 11. Ne6 Nxe6 12. dxe6 Bxe6 13. Bxg5 Bxc4 14. Bxa8 Qxa8
15. f3 c5 16. Qa4 Bf7 17. O-O d5 18. e3 e5 19. Rcd1 d4 20. exd4 exd4 21. Nb1
Nd5 22. Rde1 Qb7 23. Nd2 b5 24. Qc2 Qc8 25. a4 Nb4 26. Qb1 bxa4 27. Bf4 a5 28.
h4 c4 29. Qd1 c3 30. Qxa4 cxd2 31. Bxd2 Nd3 32. Rb1 Qc7 33. f4 Nc5 34. Qxa5
Qxa5 35. Bxa5 Ne4 36. Kh2 Rc8 37. Rfc1 Ra8 38. Bb4 Ba2 39. Ra1 d3 40. Bc3 Bxc3
41. bxc3 Nf2 42. Kg2 d2 43. Kxf2 dxc1=Q 44. Rxc1 Be6 45. c4 Ra4 46. c5 Rc4 47.
Rxc4 Bxc4 48. Ke3 Be6 49. Kd4 Kf7 50. Ke5 Ke7 51. c6 h5 52. c7 Bc8 53. Kd5 Bd7
54. Kc5 Ke6 55. Kb6 Kd5 56. Kb7 Ke4 0-1

[Event "Madrid-ch 2018-2019 - Semifinal"]
[Site "Madrid ESP"]
[Date "2019.05.08"]
[Round "3.2"]
[White "Pindado Campos, Raul"]
[Black "Yañez Rodriguez, Wilbert"]
[Result "1/2-1/2"]
[WhiteElo "2089"]
[BlackElo "2217"]
[PlyCount "83"]
[EventDate "2019.05.06"]
[EventType "swiss"]
[EventRounds "9"]
[EventCountry "ESP"]
[SourceTitle "Ajedrez en Madrid"]
[Source "lmi"]
[SourceDate "2019.05.06"]
[SourceVersion "1"]
[SourceVersionDate "2019.05.20"]
[SourceQuality "2"]

1. d4 Nf6 2. Nf3 g6 3. g3 Bg7 4. Bg2 O-O 5. O-O d6 6. c4 Nc6 7. Nc3 e5 8. dxe5
dxe5 9. Be3 Be6 10. Qa4 h6 11. Rfd1 Qb8 12. Rac1 Nd7 13. Qc2 Rd8 14. Nd5 a5 15.
Ne1 Nd4 16. Bxd4 exd4 17. Nd3 c6 18. N5f4 Bf5 19. Bh3 Bxh3 20. Nxh3 Re8 21.
Nhf4 Qc7 22. a3 a4 23. Rb1 h5 24. b4 h4 25. b5 hxg3 26. hxg3 Bf8 27. c5 Ne5 28.
Rb4 Nxd3 29. Nxd3 cxb5 30. Rxb5 Qc6 31. Rdb1 Ra7 32. Qb2 Qf6 33. Rb6 Qd8 34.
Qa2 Qg5 35. Rxb7 Rxb7 36. Rxb7 Qf5 37. Qc2 Qe4 38. c6 Rc8 39. Qc4 Qe6 40. Qxe6
fxe6 41. c7 Bd6 42. Ra7 1/2-1/2

[Event "Madrid-ch 2018-2019 - Semifinal"]
[Site "Madrid ESP"]
[Date "2019.05.08"]
[Round "3.3"]
[White "Perez Gonzalez, Jose Manuel"]
[Black "Robles Diaz, Jose Alberto"]
[Result "1/2-1/2"]
[WhiteElo "2228"]
[BlackElo "2044"]
[PlyCount "79"]
[EventDate "2019.05.06"]
[EventType "swiss"]
[EventRounds "9"]
[EventCountry "ESP"]
[SourceTitle "Ajedrez en Madrid"]
[Source "lmi"]
[SourceDate "2019.05.06"]
[SourceVersion "1"]
[SourceVersionDate "2019.05.20"]
[SourceQuality "2"]

1. e4 c5 2. Nf3 e6 3. d4 cxd4 4. Nxd4 a6 5. Bd3 Nf6 6. O-O Qc7 7. Qe2 d6 8. c4
Nbd7 9. Nc3 Be7 10. f4 O-O 11. Kh1 Re8 12. Bd2 Nc5 13. Bc2 e5 14. fxe5 dxe5 15.
Nf5 Bxf5 16. exf5 e4 17. Bg5 Rad8 18. Rad1 Rxd1 19. Rxd1 Qe5 20. Nd5 Nxd5 21.
Rxd5 Bxg5 22. Rxe5 Rxe5 23. g3 e3 24. Kg2 a5 25. h4 Bf6 26. b3 h6 27. Bd1 Re8
28. Kf3 b6 29. Qc2 Na6 30. a3 Nb8 31. b4 Nc6 32. Qa4 Nd4+ 33. Kg2 Re7 34. bxa5
bxa5 35. Qxa5 e2 36. Bxe2 Rxe2+ 37. Kf1 Kh7 38. Qd5 Re5 39. Qxf7 Nxf5 40. Kf2
1/2-1/2

[Event "Madrid-ch 2018-2019 - Semifinal"]
[Site "Madrid ESP"]
[Date "2019.05.08"]
[Round "3.4"]
[White "Lorenzo Bailador, Alfredo"]
[Black "Martinez Fernandez, Raul"]
[Result "0-1"]
[WhiteElo "2003"]
[BlackElo "2202"]
[PlyCount "36"]
[EventDate "2019.05.06"]
[EventType "swiss"]
[EventRounds "9"]
[EventCountry "ESP"]
[SourceTitle "Ajedrez en Madrid"]
[Source "lmi"]
[SourceDate "2019.05.06"]
[SourceVersion "1"]
[SourceVersionDate "2019.05.20"]
[SourceQuality "2"]

1. e4 e5 2. Nf3 Nc6 3. Bc4 Nf6 4. d4 exd4 5. e5 d5 6. Bb5 Ne4 7. Nxd4 Bc5 8.
Be3 O-O 9. Nxc6 bxc6 10. Bxc5 Nxc5 11. Bxc6 Rb8 12. O-O Rxb2 13. Bxd5 Ba6 14.
Re1 Qh4 15. Bb3 Nd3 16. Re2 Nf4 17. Re3 Rd8 18. Qe1 Qg4 0-1

[Event "Madrid-ch 2018-2019 - Semifinal"]
[Site "Madrid ESP"]
[Date "2019.05.08"]
[Round "3.5"]
[White "Perez Ordoñez, Jose Ramon"]
[Black "Rios Rebollo, Victor"]
[Result "1/2-1/2"]
[WhiteElo "2169"]
[BlackElo "2007"]
[PlyCount "84"]
[EventDate "2019.05.06"]
[EventType "swiss"]
[EventRounds "9"]
[EventCountry "ESP"]
[SourceTitle "Ajedrez en Madrid"]
[Source "lmi"]
[SourceDate "2019.05.06"]
[SourceVersion "1"]
[SourceVersionDate "2019.05.20"]
[SourceQuality "2"]

1. d4 d5 2. c4 e6 3. Nc3 Nf6 4. cxd5 exd5 5. Bg5 Be7 6. e3 c6 7. Bd3 O-O 8. Qc2
Nbd7 9. Nf3 Re8 10. O-O Nf8 11. Rab1 Ne4 12. Bxe7 Qxe7 13. b4 a6 14. a4 Bf5 15.
Ne5 f6 16. Bxe4 Bxe4 17. Nxe4 fxe5 18. Ng3 e4 19. Rfc1 Ne6 20. b5 cxb5 21. axb5
a5 22. Qa2 Qd7 23. b6 a4 24. Rb4 Ra5 25. h3 a3 26. Rc3 Rea8 27. Ne2 Qd6 28.
Rcb3 Nd8 29. Rb1 Nc6 30. R4b3 Ra4 31. Nc3 Nb4 32. Qd2 a2 33. Ra1 Ra3 34. Rxa3
Rxa3 35. Nb5 Rd3 36. Qxd3 exd3 37. Nxd6 d2 38. Kf1 Nc2 39. Rd1 Na3 40. Ra1 Nc2
41. Rd1 Na3 42. Ra1 Nc2 1/2-1/2

[Event "Madrid-ch 2018-2019 - Semifinal"]
[Site "Madrid ESP"]
[Date "2019.05.08"]
[Round "3.6"]
[White "Ruiz Quevedo, Andres"]
[Black "Mkrtchyan, Levon"]
[Result "0-1"]
[WhiteElo "1900"]
[BlackElo "2168"]
[PlyCount "108"]
[EventDate "2019.05.06"]
[EventType "swiss"]
[EventRounds "9"]
[EventCountry "ESP"]
[SourceTitle "Ajedrez en Madrid"]
[Source "lmi"]
[SourceDate "2019.05.06"]
[SourceVersion "1"]
[SourceVersionDate "2019.05.20"]
[SourceQuality "2"]

1. c4 Nf6 2. g3 c5 3. Nc3 Nc6 4. Bg2 g6 5. Rb1 Bg7 6. a3 O-O 7. b4 cxb4 8. axb4
d6 9. Nf3 a6 10. O-O Rb8 11. d3 b5 12. cxb5 axb5 13. Bg5 Bd7 14. Qd2 Re8 15.
Rfd1 Ng4 16. h3 Nge5 17. Nxe5 Nxe5 18. Ra1 Bc6 19. Nd5 Bxd5 20. Bxd5 Qd7 21.
Kh2 e6 22. Bg2 d5 23. Rdc1 Rec8 24. Ra5 Nc6 25. Ra6 Qb7 26. Ra3 Nd4 27. Be3
Rxc1 28. Qxc1 Nxe2 29. Qc5 Rc8 30. Ra7 Rxc5 31. Rxb7 Rc8 32. Rxb5 Bd4 33. Bf1
Bxe3 34. fxe3 Rc2 35. Rc5 Rb2 36. Bxe2 Rxe2+ 37. Kg1 Rxe3 38. Rc3 Rxg3+ 39. Kh2
Re3 40. b5 Re2+ 41. Kg3 Rb2 42. Rc5 Kg7 43. Kf4 Kf6 44. Ke3 Rb4 45. Kd2 d4 46.
Kc2 e5 47. Rc6+ Kf5 48. b6 f6 49. Rd6 g5 50. Rc6 h5 51. Kd2 g4 52. hxg4+ hxg4
53. Ke2 Rb2+ 54. Kf1 Kg5 0-1

[Event "Madrid-ch 2018-2019 - Semifinal"]
[Site "Madrid ESP"]
[Date "2019.05.08"]
[Round "3.7"]
[White "Iagar, Razvan-Gabriel"]
[Black "Perez Diez, Victor"]
[Result "1/2-1/2"]
[WhiteElo "2104"]
[BlackElo "2018"]
[PlyCount "118"]
[EventDate "2019.05.06"]
[EventType "swiss"]
[EventRounds "9"]
[EventCountry "ESP"]
[SourceTitle "Ajedrez en Madrid"]
[Source "lmi"]
[SourceDate "2019.05.06"]
[SourceVersion "1"]
[SourceVersionDate "2019.05.20"]
[SourceQuality "2"]

1. d4 f5 2. Nf3 Nf6 3. g3 g6 4. Bg2 Bg7 5. O-O O-O 6. c4 d6 7. Nc3 c6 8. d5 e5
9. e4 Na6 10. Be3 cxd5 11. cxd5 f4 12. gxf4 exf4 13. Bxf4 Nxe4 14. Nxe4 Rxf4
15. Nfg5 Nc5 16. Qd2 Nxe4 17. Nxe4 Be5 18. Rfe1 Qh4 19. Ng3 Bh3 20. Rad1 Bxg2
21. Kxg2 Bd4 22. f3 Raf8 23. Re4 Rxe4 24. Nxe4 Be5 25. Ng3 Qf6 26. Qe2 Bxb2 27.
Rb1 Be5 28. Rxb7 Rf7 29. Rxf7 Qxf7 30. Qb5 Kg7 31. a4 h5 32. Qc4 Kh6 33. a5 Qf4
34. Qxf4+ Bxf4 35. Ne2 Kg5 36. h4+ Kf5 37. Nd4+ Ke5 38. Nc6+ Kxd5 39. Nxa7 Kc5
40. Nc8 Kb5 41. Ne7 g5 42. hxg5 Bxg5 43. Nf5 d5 44. Kg3 Kxa5 45. f4 Bf6 46. Kf3
Kb5 47. Ne3 d4 48. Nc2 d3 49. Ne1 d2 50. Ke2 dxe1=N 51. Kxe1 h4 52. Kf2 Kc4 53.
f5 Kd4 54. Kf3 Ke5 55. Kg2 Kf4 56. Kh2 Kg4 57. Kg2 Be5 58. f6 h3+ 59. Kh1 Bxf6
1/2-1/2

[Event "Madrid-ch 2018-2019 - Semifinal"]
[Site "Madrid ESP"]
[Date "2019.05.08"]
[Round "3.9"]
[White "Gonzalez Rivera, Eduardo"]
[Black "Pastor Alonso De Prado, Alberto"]
[Result "0-1"]
[WhiteElo "1998"]
[BlackElo "2094"]
[PlyCount "96"]
[EventDate "2019.05.06"]
[EventType "swiss"]
[EventRounds "9"]
[EventCountry "ESP"]
[SourceTitle "Ajedrez en Madrid"]
[Source "lmi"]
[SourceDate "2019.05.06"]
[SourceVersion "1"]
[SourceVersionDate "2019.05.20"]
[SourceQuality "2"]

1. e4 d6 2. d4 Nf6 3. Nc3 g6 4. f4 Bg7 5. Nf3 c5 6. Be2 cxd4 7. Nxd4 Nc6 8. Nb3
O-O 9. Be3 a5 10. a4 Be6 11. Nd4 Nxd4 12. Bxd4 Nd7 13. O-O Bxd4+ 14. Qxd4 Qb6
15. Qxb6 Nxb6 16. f5 Bc4 17. Bxc4 Nxc4 18. Nd5 e6 19. fxe6 fxe6 20. Nc7 Rxf1+
21. Rxf1 Rc8 22. Nxe6 Nxb2 23. Rb1 Rxc2 24. Nd4 Rc4 25. Nb5 Nxa4 26. Nxd6 Rb4
27. Rc1 b6 28. Rc7 Nc5 29. e5 Rb1+ 30. Kf2 Nd3+ 31. Ke3 Nxe5 32. Ke4 Ng4 33. h3
Re1+ 34. Kf4 Ne5 35. Rb7 Nf7 36. Nxf7 Rf1+ 37. Ke4 Rxf7 38. Rxb6 Ra7 39. Rb3 a4
40. Ra3 Kf7 41. h4 Ke6 42. g4 h6 43. h5 g5 44. Kf3 Kd5 45. Ke3 Kc4 46. Ke4 Kb4
47. Ra1 a3 48. Kf5 a2 0-1

[Event "Madrid-ch 2018-2019 - Semifinal"]
[Site "Madrid ESP"]
[Date "2019.05.08"]
[Round "3.10"]
[White "Collado Barbas, Laura"]
[Black "Vazquez Gonzalez, Jesus"]
[Result "1/2-1/2"]
[WhiteElo "2048"]
[BlackElo "1901"]
[PlyCount "101"]
[EventDate "2019.05.06"]
[EventType "swiss"]
[EventRounds "9"]
[EventCountry "ESP"]
[SourceTitle "Ajedrez en Madrid"]
[Source "lmi"]
[SourceDate "2019.05.06"]
[SourceVersion "1"]
[SourceVersionDate "2019.05.20"]
[SourceQuality "2"]

1. d4 c5 2. d5 g6 3. c4 Bg7 4. Nc3 d6 5. e4 e5 6. Bd3 Ne7 7. h4 h6 8. h5 g5 9.
g4 a6 10. f3 Bd7 11. a3 Qc7 12. Qe2 f6 13. Be3 O-O 14. Kf2 Rc8 15. b4 b6 16.
Qc2 Ra7 17. bxc5 bxc5 18. a4 Rb7 19. a5 Be8 20. Nge2 Nd7 21. Ra2 Rcb8 22. Qc1
Bf8 23. Bd2 Bg7 24. Ng3 Kh7 25. Nf5 Bf8 26. Na4 Nxf5 27. exf5 Be7 28. Nc3 Rb3
29. Bc2 R3b4 30. Qf1 Rb2 31. Rxb2 Rxb2 32. Qd3 Nf8 33. Re1 Kg7 34. Ne4 Nh7 35.
Bc3 Rb7 36. Kg3 Qd7 37. Ra1 Qd8 38. Bd2 Qb8 39. Kh3 Qc8 40. Kg3 Qb8 41. Nc3 Nf8
42. Kh3 Nh7 43. Na4 Nf8 44. Nb6 Nd7 45. Nxd7 Bxd7 46. Qe4 Qe8 47. Kg3 Bd8 48.
Kg2 Rb2 49. Bc3 Rb7 50. Qd3 Rb8 51. Qe4 1/2-1/2

[Event "Madrid-ch 2018-2019 - Semifinal"]
[Site "Madrid ESP"]
[Date "2019.05.08"]
[Round "3.11"]
[White "Largo Barbero, Benito"]
[Black "Sanchez Garcia, Aurelio"]
[Result "1/2-1/2"]
[WhiteElo "1878"]
[BlackElo "2042"]
[PlyCount "83"]
[EventDate "2019.05.06"]
[EventType "swiss"]
[EventRounds "9"]
[EventCountry "ESP"]
[SourceTitle "Ajedrez en Madrid"]
[Source "lmi"]
[SourceDate "2019.05.06"]
[SourceVersion "1"]
[SourceVersionDate "2019.05.20"]
[SourceQuality "2"]

1. d4 c5 2. d5 g6 3. e4 Bg7 4. f4 d6 5. Nf3 Nf6 6. Nc3 O-O 7. Bc4 b5 8. Bxb5
Nxe4 9. Nxe4 Qa5+ 10. Nc3 Bxc3+ 11. bxc3 Qxb5 12. Qd3 Qa4 13. c4 Bf5 14. Qb3
Bxc2 15. Qxa4 Bxa4 16. h4 Nd7 17. Bb2 Rab8 18. Bc3 Nf6 19. Nd2 Bc2 20. Ke2 h5
21. Kf3 Rfe8 22. Rhe1 Kf8 23. g3 Ng4 24. Rac1 Bd3 25. Ba1 e6 26. Rc3 Bf5 27.
Ra3 Re7 28. Nb3 Rc7 29. Na5 exd5 30. cxd5 c4 31. Nc6 Rb5 32. Rd1 Nf6 33. Bxf6
Bg4+ 34. Ke4 Bxd1 35. Nxa7 Rb8 36. Nc6 Re8+ 37. Kd4 Be2 38. Ra4 Rcc8 39. a3 Ra8
40. Be7+ Kg7 41. Rxa8 Rxa8 42. Bxd6 1/2-1/2

[Event "Madrid-ch 2018-2019 - Semifinal"]
[Site "Madrid ESP"]
[Date "2019.05.08"]
[Round "3.12"]
[White "Martinez Aragon, Aitor"]
[Black "De Luna Butz, Alberto"]
[Result "1-0"]
[WhiteElo "2038"]
[BlackElo "1775"]
[PlyCount "79"]
[EventDate "2019.05.06"]
[EventType "swiss"]
[EventRounds "9"]
[EventCountry "ESP"]
[SourceTitle "Ajedrez en Madrid"]
[Source "lmi"]
[SourceDate "2019.05.06"]
[SourceVersion "1"]
[SourceVersionDate "2019.05.20"]
[SourceQuality "2"]

1. e4 d5 2. exd5 Qxd5 3. Nc3 Qd8 4. d4 Nf6 5. Nf3 Bg4 6. Be3 e6 7. Be2 c6 8. h3
Bxf3 9. Bxf3 Bd6 10. O-O Qc7 11. Ne4 Nxe4 12. Bxe4 Nd7 13. c4 Nf6 14. Bf3 O-O
15. Qc2 Bh2+ 16. Kh1 Bf4 17. Bxf4 Qxf4 18. Qc3 Rfd8 19. Rad1 Rd7 20. g3 Qc7 21.
Rd2 a5 22. Rfd1 Rad8 23. Bg2 h6 24. f4 b6 25. Kh2 c5 26. dxc5 Qxc5 27. Rxd7
Rxd7 28. Rxd7 Nxd7 29. a3 e5 30. b4 axb4 31. axb4 Qd6 32. fxe5 Qxe5 33. Qd2 Qc7
34. Qd4 Kf8 35. Bf3 f6 36. h4 Ke7 37. Qg4 Kf8 38. Qe6 Qa7 39. Bh5 Ne5 40. Qe8#
1-0

[Event "Madrid-ch 2018-2019 - Semifinal"]
[Site "Madrid ESP"]
[Date "2019.05.08"]
[Round "3.13"]
[White "Cabañas Bravo, Juan Andres"]
[Black "Moreno Uribarri, Miguel"]
[Result "1/2-1/2"]
[WhiteElo "2010"]
[BlackElo "1674"]
[PlyCount "79"]
[EventDate "2019.05.06"]
[EventType "swiss"]
[EventRounds "9"]
[EventCountry "ESP"]
[SourceTitle "Ajedrez en Madrid"]
[Source "lmi"]
[SourceDate "2019.05.06"]
[SourceVersion "1"]
[SourceVersionDate "2019.05.20"]
[SourceQuality "2"]

1. e4 c5 2. Nf3 d6 3. d4 cxd4 4. Nxd4 Nf6 5. Nc3 g6 6. Be3 Bg7 7. f3 Nc6 8. Bc4
O-O 9. Qd2 Bd7 10. h4 h5 11. O-O-O Rc8 12. Bb3 Ne5 13. Bh6 Nc4 14. Bxc4 Rxc4
15. Bxg7 Kxg7 16. g4 hxg4 17. h5 Rh8 18. hxg6 fxg6 19. f4 Rxh1 20. Rxh1 Qf8 21.
f5 gxf5 22. exf5 Kf7 23. Ne6 Qg8 24. Nd5 Bxe6 25. fxe6+ Kxe6 26. Nxf6 exf6 27.
Kb1 Qg6 28. Re1+ Re4 29. Rd1 Qf5 30. Qxd6+ Kf7 31. Rh1 Re2 32. Qc7+ Re7 33. Qh2
Qe4 34. a3 g3 35. Qh5+ Qg6 36. Qd5+ Kg7 37. Qd6 Kf7 38. Qd5+ Kg7 39. Qd6 Kf7
40. Qd5+ 1/2-1/2

[Event "Madrid-ch 2018-2019 - Semifinal"]
[Site "Madrid ESP"]
[Date "2019.05.08"]
[Round "3.14"]
[White "Garcia Sanz, Eduardo"]
[Black "Estevez Sacristan, Deva"]
[Result "0-1"]
[WhiteElo "1820"]
[BlackElo "1999"]
[PlyCount "112"]
[EventDate "2019.05.06"]
[EventType "swiss"]
[EventRounds "9"]
[EventCountry "ESP"]
[SourceTitle "Ajedrez en Madrid"]
[Source "lmi"]
[SourceDate "2019.05.06"]
[SourceVersion "1"]
[SourceVersionDate "2019.05.20"]
[SourceQuality "2"]

1. c4 f5 2. Nf3 Nf6 3. g3 g6 4. b3 Bg7 5. Bb2 O-O 6. Bg2 d6 7. d4 c6 8. O-O a5
9. Nc3 Qc7 10. Rc1 Na6 11. e3 Re8 12. Ne2 Bd7 13. d5 e5 14. dxe6 Bxe6 15. Nf4
Nc5 16. Rc2 Rad8 17. Ng5 Bc8 18. Qa1 Qe7 19. Re2 Nce4 20. Nxe4 fxe4 21. Rd2 g5
22. Ne2 Bg4 23. h3 Bf5 24. Nd4 Bg6 25. Bc3 Nd7 26. Bxa5 c5 27. Bxd8 Rxd8 28.
Qe1 cxd4 29. exd4 Re8 30. Qe3 h6 31. Rc1 Nf6 32. b4 g4 33. c5 Nd5 34. Qb3 Bf7
35. cxd6 Qxd6 36. Rdd1 gxh3 37. Bf1 e3 38. Bc4 exf2+ 39. Kxf2 Re3 40. Qxe3 Nxe3
41. Kxe3 Qxg3+ 42. Ke2 Bxc4+ 43. Rxc4 h2 44. Rcc1 Qg2+ 45. Kd3 Qf3+ 46. Kc4
Qc6+ 47. Kd3 Qd5 48. Kc3 Bxd4+ 49. Rxd4 h1=Q 50. Rxh1 Qxh1 51. a4 Qa1+ 52. Kc4
Qxa4 53. Rd6 Kg7 54. Rb6 Qd7 55. Kc5 Qc7+ 56. Kb5 h5 0-1

[Event "Madrid-ch 2018-2019 - Semifinal"]
[Site "Madrid ESP"]
[Date "2019.05.08"]
[Round "3.15"]
[White "Garcia Galeote, Lorenzo"]
[Black "Cao Armillas, Jesus"]
[Result "0-1"]
[WhiteElo "1873"]
[BlackElo "2043"]
[PlyCount "88"]
[EventDate "2019.05.06"]
[EventType "swiss"]
[EventRounds "9"]
[EventCountry "ESP"]
[SourceTitle "Ajedrez en Madrid"]
[Source "lmi"]
[SourceDate "2019.05.06"]
[SourceVersion "1"]
[SourceVersionDate "2019.05.20"]
[SourceQuality "2"]

1. d4 Nf6 2. c4 g6 3. Nc3 d5 4. cxd5 Nxd5 5. e4 Nxc3 6. bxc3 Bg7 7. Nf3 O-O 8.
Rb1 c5 9. Be2 Qc7 10. O-O Rd8 11. Be3 Nc6 12. Qc2 Bg4 13. d5 Na5 14. c4 b6 15.
h3 Bd7 16. Bd2 Nb7 17. Bc3 f6 18. Bd3 e5 19. a4 Nd6 20. Rb2 Rdb8 21. Rfb1 a6
22. Ra2 Rb7 23. Qe2 Rab8 24. Qc2 Qc8 25. Kh2 Qe8 26. Bd2 Rc8 27. Ng1 Bf8 28.
Ne2 b5 29. axb5 axb5 30. Qc1 bxc4 31. Rxb7 cxd3 32. Rxd7 Qxd7 33. Nc3 Rb8 34.
Qf1 c4 35. Qa1 Nb5 36. Ra8 Rxa8 37. Qxa8 Nxc3 38. Bxc3 Kf7 39. Qa6 Qc7 40. f4
Bd6 41. fxe5 Bxe5+ 42. Bxe5 Qxe5+ 43. g3 Qxe4 44. Qb7+ Qe7 0-1

[Event "Madrid-ch 2018-2019 - Semifinal"]
[Site "Madrid ESP"]
[Date "2019.05.08"]
[Round "3.16"]
[White "Lopez Heras, Arturo"]
[Black "Bello Burguet, Glenier Lazaro"]
[Result "0-1"]
[WhiteElo "1818"]
[BlackElo "1961"]
[PlyCount "88"]
[EventDate "2019.05.06"]
[EventType "swiss"]
[EventRounds "9"]
[EventCountry "ESP"]
[SourceTitle "Ajedrez en Madrid"]
[Source "lmi"]
[SourceDate "2019.05.06"]
[SourceVersion "1"]
[SourceVersionDate "2019.05.20"]
[SourceQuality "2"]

1. d4 d5 2. c4 c6 3. Qc2 Nf6 4. e3 g6 5. Bd3 Bg7 6. Nc3 O-O 7. Nf3 a6 8. c5
Nbd7 9. O-O Qc7 10. Na4 e5 11. dxe5 Nxe5 12. Nxe5 Qxe5 13. f4 Qe7 14. Nb6 Rb8
15. Nxc8 Rbxc8 16. Bd2 Rfe8 17. Rae1 Ne4 18. Bxe4 Qxe4 19. Qb3 Rc7 20. f5 Bh6
21. fxg6 hxg6 22. Qc3 Rce7 23. Rf3 d4 24. Qb3 Qd5 25. Qxd5 cxd5 26. Kf2 dxe3+
27. Bxe3 d4 28. Bxh6 Rxe1 29. Rd3 R1e2+ 30. Kf3 Rxb2 31. Rxd4 Rxa2 32. Rb4 Rc2
33. Rxb7 Rxc5 34. Ra7 Ra5 35. Bd2 Ra3+ 36. Kg4 Ra2 37. Bf4 Rxg2+ 38. Bg3 Ra2
39. Bc7 Kg7 40. Bb6 Kf6 41. Bd4+ Ke6 42. Kg5 Ra5+ 43. Kf4 Ra4 44. Ke4 f5+ 0-1